| 000 | 01858aam a2200433 a 4500 | ||
|---|---|---|---|
| 001 | 14344878 | ||
| 005 | 20080729162446.0 | ||
| 008 | 060418s2005 enk | 001 0 eng d | ||
| 010 | _a2006273930 | ||
| 015 |
_aGBA533176 _2bnb |
||
| 016 | 7 |
_a013179787 _2Uk |
|
| 020 | _a9780521815451 | ||
| 020 | _a0521815452 | ||
| 020 | _a9780521894692 (pbk.) | ||
| 020 | _a0521894697 (pbk.) | ||
| 035 | _a(OCoLC)ocm59353091 | ||
| 040 |
_aUKM _cUKM _dDLC |
||
| 042 |
_aukscp _alccopycat |
||
| 050 | 0 | 0 |
_aHV6322.7 _b.M53 2005 |
| 082 | 0 | 4 |
_a304.6630904 _222 _bMID |
| 084 |
_a15.50 _2bcl |
||
| 100 | 1 |
_aMidlarsky, Manus I. _915748 |
|
| 245 | 1 | 4 |
_aThe Killing Trap : _bGenocide in the Twentieth Century / _cManus I. Midlarsky. |
| 260 |
_aCambridge : _bCambridge University Press, _cc2005. |
||
| 300 |
_axv, 461 p. ; _c23 cm. |
||
| 504 | _aIncludes bibliographical references (p. 396-422) and index. | ||
| 541 | _aBacca ; | ||
| 650 | 0 |
_aGenocide. _915749 |
|
| 650 | 0 |
_aGenocide _xHistory _y20th century. _915750 |
|
| 650 | 6 |
_aGenocide. _915751 |
|
| 650 | 6 |
_aGenocide _xHistoire _y20e siecle. _915752 |
|
| 650 | 1 | 7 |
_aGenocide. _2gtt _915753 |
| 856 | 4 | 2 |
_3Publisher description _uhttp://www.loc.gov/catdir/enhancements/fy0642/2006273930-d.html |
| 856 | 4 | 1 |
_3Table of contents only _uhttp://www.loc.gov/catdir/enhancements/fy0642/2006273930-t.html |
| 856 | 4 | 2 |
_3Contributor biographical information _uhttp://www.loc.gov/catdir/enhancements/fy0733/2006273930-b.html |
| 942 |
_2ddc _cBB |
||
| 999 |
_c14347 _d14347 |
||